[Event "Detroit (MCO/A/2a/5)"]
[Site "?"]
[Date "1994.??.??"]
[Round "?"]
[White "Yavari, P."]
[Black "Jendras, Gerard"]
[Result "1-0"]
[WhiteElo "1985"]
[BlackElo "1845"]
[PlyCount "59"]
[EventDate "1994.??.??"]

1. c4 Nf6 2. Nc3 d5 3. cxd5 Nxd5 4. g3 g6 5. Bg2 Nxc3 6. bxc3 Bg7 7. Rb1 c6 8.
Nf3 e5 9. Ba3 Qa5 10. Bb4 Qxa2 11. Ra1 Qe6 12. Ng5 Qc4 13. d3 Qb5 14. Ne4 Kd7
15. Nd6 Qb6 16. Nxf7 c5 17. Nxh8 cxb4 18. Qb3 Qf6 19. O-O Bxh8 20. Bh3+ Kc7 21.
Bxc8 Kxc8 22. cxb4 Nd7 23. Rfc1+ Kd8 24. Qd5 Ke7 25. Rc7 Qd6 26. Qxb7 e4 27.
Qxa8 Bxa1 28. Qxe4+ Kd8 29. Rxa7 Nb6 30. Rxa1 1-0

[Event "Detroit (MCO/A/7/5)"]
[Site "?"]
[Date "1994.??.??"]
[Round "?"]
[White "Yavari, P."]
[Black "Harma, K."]
[Result "1-0"]
[WhiteElo "1985"]
[BlackElo "1845"]
[PlyCount "91"]
[EventDate "1994.??.??"]

{7/(5)} 1. c4 Nf6 2. Nc3 e6 3. e4 e5 4. Nf3 Bb4 5. Nd5 Nxd5 6. cxd5 O-O 7. Bd3
d6 8. a3 Ba5 9. b4 Bb6 10. Qc2 Bg4 11. Be2 Bxf3 12. Bxf3 a5 13. b5 Nd7 14. a4
Qh4 15. O-O g6 16. g3 Qe7 17. d3 f5 18. Bg2 f4 19. Bh3 Rf6 20. Kg2 g5 21. f3
Nf8 22. Bb2 Ng6 23. Rad1 Raf8 24. Bg4 Kg7 25. Bh5 Qf7 26. Kh1 Qe7 27. Bxg6 Rxg6
28. d4 exd4 29. g4 h5 30. Qg2 Qe5 31. Rd3 c5 32. bxc6 bxc6 33. Rb3 cxd5 34.
Rxb6 dxe4 35. gxh5 exf3 36. Qf2 Rgf6 37. Bxd4 Qd5 38. Rb5 Qe4 39. Rxg5+ Kh6 40.
Bxf6 Rxf6 41. Rg6+ Rxg6 42. hxg6 Kxg6 43. Qxf3 Qe5 44. Qxf4 Qd5+ 45. Qf3 Qh5
46. Qxh5+ 1-0

[Event "Gaylord (NMO/2/12)"]
[Site "?"]
[Date "1994.??.??"]
[Round "?"]
[White "Yahkind, Andrew"]
[Black "Thompson, P."]
[Result "0-1"]
[WhiteElo "1605"]
[BlackElo "1605"]
[PlyCount "98"]
[EventDate "1994.??.??"]

{2/(12)} 1. e4 e5 2. Nf3 d6 3. Nc3 Nf6 4. Be2 Be7 5. O-O Be6 6. d3 c5 7. Bg5
Nc6 8. Re1 Nd4 9. Bxf6 Nxf3+ 10. Bxf3 Bxf6 11. Nd5 O-O 12. c4 Be7 13. b3 Bxd5
14. exd5 Rb8 15. Be4 f5 16. Bf3 b5 17. Qd2 Bf6 18. Re2 e4 19. dxe4 Bxa1 20.
exf5 Rxf5 21. Qc2 Re5 22. Qb1 Rxe2 23. Bxe2 Qe7 24. Bf1 Qf6 25. cxb5 Bd4 26.
Qe1 Kf7 27. Be2 g6 28. Bg4 Rxb5 29. Bd7 Rb8 30. Qd2 Bxf2+ 31. Qxf2 Qxf2+ 32.
Kxf2 Kf6 33. Kf3 Rb4 34. g4 Ke5 35. Be6 Rd4 36. h4 h6 37. Bf7 Rf4+ 38. Kg3 Rxf7
39. a3 Kxd5 40. b4 c4 41. a4 c3 42. b5 c2 43. a5 c1=R 44. b6 axb6 45. axb6 Rb7
46. h5 g5 47. Kg2 Rxb6 48. Kg3 Rc3+ 49. Kg2 Rb2+ 0-1

[Event "Gaylord (NMO/4/14)"]
[Site "?"]
[Date "1994.??.??"]
[Round "?"]
[White "Yahkind, Andrew"]
[Black "Gatesy, Matthew"]
[Result "0-1"]
[WhiteElo "1605"]
[BlackElo "1605"]
[PlyCount "126"]
[EventDate "1994.??.??"]

{4/(14)} 1. e4 e5 2. Nf3 Nc6 3. Bb5 a6 4. Bxc6 dxc6 5. O-O Bg4 6. Nc3 Bc5 7. h3
Bxf3 8. Qxf3 Qf6 9. Qxf6 Nxf6 10. d3 O-O 11. Bg5 Nh5 12. Rae1 Ng3 13. Be7 Bxe7
14. fxg3 Bc5+ 15. Kh2 Rad8 16. Rd1 Rd6 17. Ne2 Re8 18. c3 Red8 19. d4 exd4 20.
e5 Rd5 21. b4 d3 22. Nf4 Rxe5 23. Nxd3 Red5 24. Nb2 Rxd1 25. Nxd1 Be7 26. Re1
Kf8 27. Kg1 c5 28. bxc5 Bxc5+ 29. Kf1 b5 30. Nb2 a5 31. Re5 Rd2 32. Rxc5 Rxb2
33. a4 b4 34. cxb4 axb4 35. Rb5 b3 36. Ke1 c5 37. Rxc5 Rxg2 38. Rb5 b2 39. Kf1
Rc2 40. Ke1 Rc1+ 41. Kd2 b1=Q 42. Rxb1 Rxb1 43. Kc2 Ra1 44. Kb3 Ke8 45. Kb4 Kd8
46. a5 Kc8 47. Kb5 Kb8 48. Kb6 Ka8 49. a6 g5 50. Kc5 Ra3 51. h4 gxh4 52. gxh4
f5 53. Kd4 Ra4+ 54. Ke5 Rxh4 55. Kxf5 h5 56. Kf6 Rh1 57. Ke7 h4 58. Kd8 h3 59.
Kc7 h2 60. Kb6 Rc1 61. a7 h1=Q 62. Ka6 Qb7+ 63. Ka5 Ra1# 0-1

[Event "Flint (MI Ch Spon/2)"]
[Site "?"]
[Date "1994.??.??"]
[Round "?"]
[White "Yahkind, Alex"]
[Black "Worley, Ron"]
[Result "1-0"]
[WhiteElo "2065"]
[BlackElo "1605"]
[PlyCount "89"]
[EventDate "1994.??.??"]

1. e4 e5 2. Nf3 Nc6 3. d4 exd4 4. Nxd4 Nxd4 5. Qxd4 Nf6 6. e5 Qe7 7. Be2 Ng8 8.
O-O d6 9. Bb5+ Bd7 10. Bxd7+ Qxd7 11. exd6 Bxd6 12. Qxg7 O-O-O 13. Qxh8 f6 14.
Nc3 Be5 15. Be3 Nh6 16. Rad1 Rxh8 17. Rxd7 Kxd7 18. Bxh6 Re8 19. Rd1+ Kc8 20.
g3 c6 21. Kg2 b5 22. Bf4 b4 23. Bxe5 Rxe5 24. Na4 Re7 25. Rc1 Kd7 26. c3 bxc3
27. Rxc3 Kd6 28. Kf3 Re5 29. Rd3+ Kc7 30. Nc3 c5 31. Re3 Rf5+ 32. Ke2 c4 33.
Re7+ Kb6 34. Rxh7 a5 35. f4 Kc5 36. Rd7 Rh5 37. Rd5+ Rxd5 38. Nxd5 Kxd5 39. Ke3
Ke6 40. Kd4 Kf5 41. Kxc4 Kg4 42. Kb5 Kh3 43. Kxa5 Kxh2 44. g4 Kg3 45. g5 1-0

[Event "Gaylord (NMO/5/3)"]
[Site "?"]
[Date "1994.??.??"]
[Round "?"]
[White "Yahkind, Alex"]
[Black "Townsend, Paul"]
[Result "1-0"]
[WhiteElo "2065"]
[BlackElo "1865"]
[PlyCount "119"]
[EventDate "1994.??.??"]

{5/(3)} 1. e4 e6 2. d4 d5 3. e5 c5 4. c3 Nc6 5. Nf3 f6 6. Bb5 Bd7 7. Bxc6 bxc6
8. O-O cxd4 9. cxd4 c5 10. Re1 f5 11. Nc3 cxd4 12. Nxd4 Bb4 13. Qf3 Ne7 14. a3
Bxc3 15. Qxc3 O-O 16. f4 Qc8 17. Qxc8 Rfxc8 18. Be3 Rab8 19. b4 Rc3 20. Nf3 Rb7
21. Bc5 Nc8 22. Rec1 Rxc1+ 23. Rxc1 Nb6 24. Bxb6 axb6 25. Nd4 Kf8 26. Kf2 Ke8
27. Ke3 Ra7 28. Rc3 Ra8 29. Kd3 Ra7 30. h4 Ra8 31. Nc2 Rc8 32. Rxc8+ Bxc8 33.
a4 Kd7 34. Nd4 h6 35. Kc3 Ba6 36. g3 g6 37. Nb3 Bc4 38. Nd4 Ba6 39. a5 bxa5 40.
bxa5 Bc8 41. Kb4 Kc7 42. Nb5+ Kb7 43. Nd6+ Kc7 44. Kc5 Ba6 45. Nf7 Kd7 46. Nxh6
Be2 47. Nf7 Ke7 48. Nh8 Kf8 49. Nxg6+ Kf7 50. h5 Bxh5 51. Nh4 Be2 52. Ng2 Ke7
53. Ne1 d4 54. Kxd4 Kd7 55. Kc5 Kc7 56. Nc2 Ba6 57. Nd4 Bc8 58. Nb5+ Kb8 59.
Kd6 Kb7 60. Nc7 1-0

[Event "Flint (MI Ch Spon/3)"]
[Site "?"]
[Date "1994.??.??"]
[Round "?"]
[White "Yahkind, Alex"]
[Black "Ceterski, Justin"]
[Result "1-0"]
[WhiteElo "2065"]
[BlackElo "1605"]
[PlyCount "85"]
[EventDate "1994.??.??"]

1. e4 c5 2. Nf3 d6 3. d4 cxd4 4. Nxd4 Nf6 5. Nc3 a6 6. Bc4 e6 7. Bb3 Be7 8. Be3
O-O 9. Qe2 Nbd7 10. O-O-O Qc7 11. g4 b5 12. g5 Ne8 13. Qh5 Nc5 14. f3 Nxb3+ 15.
Nxb3 Bb7 16. Rhg1 Rc8 17. Rd2 d5 18. Rg3 g6 19. Qh6 Ng7 20. Rh3 Nh5 21. Ne2
Rfe8 22. Rxh5 gxh5 23. exd5 Bxd5 24. Nf4 Qe5 25. Bd4 Bxg5 26. Bxe5 Bxh6 27. Kb1
Bxf3 28. Nd4 Bb7 29. Rd1 Red8 30. Nxh5 b4 31. Rf1 Kf8 32. Nf6 Ke7 33. Nxh7 Rg8
34. Nf6 Rg2 35. h3 Bg5 36. h4 Bxf6 37. Bxf6+ Kd6 38. Rd1 Bd5 39. b3 e5 40. Nf5+
Ke6 41. Ne3 Bf3 42. Rf1 Kxf6 43. Rxf3+ 1-0

[Event "Gaylord (NMO/3/3)"]
[Site "?"]
[Date "1994.??.??"]
[Round "?"]
[White "Yahkind, Alex"]
[Black "Burris, D."]
[Result "1-0"]
[WhiteElo "2065"]
[BlackElo "1740"]
[PlyCount "131"]
[EventDate "1994.??.??"]

{3/(3)} 1. e4 c6 2. d4 d5 3. e5 Bf5 4. Nf3 h6 5. c4 dxc4 6. Bxc4 e6 7. O-O Ne7
8. Nh4 Bxb1 9. Rxb1 Nd5 10. Qg4 Qe7 11. Bxd5 cxd5 12. Bd2 Nc6 13. Bc3 h5 14.
Qg3 O-O-O 15. f4 g6 16. b4 b5 17. a4 a6 18. axb5 axb5 19. Rfc1 Kb7 20. Qd3 Kb6
21. Be1 Qb7 22. Rc2 Rc8 23. Nf3 Be7 24. Qb3 Rc7 25. Rbc1 Ra8 26. Qb2 Rac8 27.
Bc3 Ra8 28. Ne1 Qa6 29. Nd3 Qa3 30. Qb1 Bf8 31. Nc5 Rca7 32. Rb2 Rc7 33. Qd3
Qa7 34. Rbc2 Qb8 35. Be1 Qc8 36. h3 Be7 37. Qc3 Raa7 38. Kh2 Bf8 39. Qd2 Ra3
40. Bf2 Be7 41. Nd3 Qa8 42. Nc5 Qc8 43. Rc3 Rxc3 44. Qxc3 Qa8 45. Qe1 Ra7 46.
Be3 Kc7 47. f5 gxf5 48. Qe2 Qh8 49. Qxb5 Bxc5 50. Qxc5 Qa8 51. b5 Ra4 52. Qd6+
Kb6 53. bxc6 Ra6 54. c7+ Kb7 55. c8=Q+ Qxc8 56. Qxa6+ Kxa6 57. Rxc8 Kb6 58. Rf8
Kb5 59. Rxf7 Kc4 60. Rf6 Kd3 61. Bg1 Ke4 62. Rxe6 Kf4 63. Rf6 Kg5 64. Be3+ f4
65. Bxf4+ Kh4 66. g3# 1-0

[Event "Gaylord (NMO/1/3)"]
[Site "?"]
[Date "1994.??.??"]
[Round "?"]
[White "Yahkind, Alex"]
[Black "Andreas, L."]
[Result "1-0"]
[WhiteElo "2065"]
[BlackElo "1605"]
[PlyCount "69"]
[EventDate "1994.??.??"]

{1/(3)} 1. e4 c5 2. Nf3 Nc6 3. d4 cxd4 4. Nxd4 Nf6 5. Nc3 e6 6. Be3 a6 7. Be2
Bb4 8. f3 b5 9. Nxc6 Bxc3+ 10. bxc3 Qc7 11. Nd4 Qxc3+ 12. Kf2 d5 13. e5 Nd7 14.
f4 Nc5 15. Bf3 O-O 16. Qd2 Qxd2+ 17. Bxd2 Ne4+ 18. Bxe4 dxe4 19. Be3 Bb7 20. a4
f6 21. Nxe6 Rf7 22. exf6 Rxf6 23. Nc5 Bc6 24. axb5 Bxb5 25. Rhc1 Bc6 26. Rxa6
Rxa6 27. Nxa6 g5 28. g3 h5 29. Nb4 Bd7 30. c4 h4 31. c5 hxg3+ 32. hxg3 gxf4 33.
Bxf4 Rf7 34. c6 Bc8 35. Rd1 1-0

[Event "Detroit (MCO/Ch/2a/7)"]
[Site "?"]
[Date "1994.??.??"]
[Round "?"]
[White "Wright, William"]
[Black "Wilson, Vester"]
[Result "0-1"]
[WhiteElo "2185"]
[BlackElo "2080"]
[PlyCount "42"]
[EventDate "1994.??.??"]

1. d4 d5 2. c4 dxc4 3. Nc3 a6 4. a4 Nc6 5. Nf3 Na5 6. e3 Bg4 7. h3 Bxf3 8. Qxf3
e6 9. d5 exd5 10. Nxd5 c6 11. Qe4+ Be7 12. Nxe7 Qxe7 13. Qd4 Nb3 14. Qxg7 Qb4+
15. Ke2 O-O-O 16. Qxh8 Nxa1 17. e4 Qxa4 18. Bd2 f6 19. Qxh7 Qc2 20. Qf5+ Rd7
21. Qf4 Nb3 0-1

[Event "Detroit (MCO/Ch/5/10)"]
[Site "?"]
[Date "1994.??.??"]
[Round "?"]
[White "Wright, William"]
[Black "Chehayeb, Sal"]
[Result "1-0"]
[WhiteElo "2185"]
[BlackElo "2025"]
[PlyCount "54"]
[EventDate "1994.??.??"]

{5/(10)} 1. d4 Nf6 2. c4 e5 3. dxe5 Ng4 4. Bf4 g5 5. Bg3 Bg7 6. Nf3 Nc6 7. Nc3
Ngxe5 8. Nxe5 Nxe5 9. e3 d6 10. Rc1 Be6 11. b3 O-O 12. Be2 f5 13. Qd2 Qf6 14.
f4 gxf4 15. exf4 Nc6 16. Nd5 Qf7 17. Bf2 Rae8 18. O-O Bxd5 19. cxd5 Nd4 20. Bc4
Re4 21. Rfe1 Rfe8 22. Bd3 Rxe1+ 23. Rxe1 Rxe1+ 24. Qxe1 Kf8 25. Qa5 Qh5 26. Qd2
Qg4 27. Kh1 c5 $138 1-0

[Event "Detroit (Class C/2/14)"]
[Site "?"]
[Date "1994.??.??"]
[Round "?"]
[White "Wright, Ken"]
[Black "Troupe, D."]
[Result "1-0"]
[WhiteElo "1605"]
[BlackElo "1605"]
[PlyCount "96"]
[EventDate "1994.??.??"]

{2/(14)} 1. d4 d5 2. Nf3 Nf6 3. e3 a6 4. c4 Bg4 5. Be2 h6 6. Nc3 Nc6 7. O-O e6
8. h3 Bh5 9. a3 Be7 10. b4 O-O 11. c5 Re8 12. Ne5 Nxe5 13. dxe5 Bxe2 14. Qxe2
Nd7 15. f4 c6 16. Qh5 b6 17. cxb6 Nxb6 18. f5 exf5 19. Qxf5 Rf8 20. Qg4 Bg5 21.
e6 Qe7 22. exf7+ Rxf7 23. Rxf7 Qxf7 24. h4 Bf6 25. Bd2 Nc4 26. Qe2 Nxd2 27.
Qxd2 Bxh4 28. Rf1 Qe7 29. Ne2 Rf8 30. Rxf8+ Qxf8 31. Nf4 Qf5 32. Qd3 Qxd3 33.
Nxd3 Kf7 34. Nc5 Bg5 35. Kf2 Ke7 36. Nxa6 Kd6 37. Nc5 Be7 38. Kf3 Kc7 39. Ne6+
Kb6 40. Nxg7 Kb5 41. Nf5 Bf8 42. Nd4+ Kb6 43. Kf4 c5 44. bxc5+ Kxc5 45. Ne6+
Kb5 46. Nxf8 Ka4 47. Ke5 Kxa3 48. Kxd5 Kb3 1-0

[Event "Detroit (Class C/4/13)"]
[Site "?"]
[Date "1994.??.??"]
[Round "?"]
[White "Wright, Ken"]
[Black "Snobeck, Michael"]
[Result "1-0"]
[WhiteElo "1605"]
[BlackElo "1605"]
[PlyCount "49"]
[EventDate "1994.??.??"]

{4/(13)} 1. c4 Nf6 2. d4 g6 3. Nc3 Bg7 4. e4 d6 5. Nf3 O-O 6. Bg5 c5 7. d5 Nbd7
8. Bd3 Nb6 9. Qd2 Re8 10. Bxf6 Bxf6 11. h4 Bg7 12. h5 Nd7 13. hxg6 fxg6 14. Ng5
Nf6 15. O-O-O Bd7 16. f4 Qa5 17. e5 dxe5 18. fxe5 Nh5 19. e6 Bxc3 20. bxc3 Qa3+
21. Kb1 Ba4 22. Bc2 Bxc2+ 23. Qxc2 Rab8 24. Rxh5 b5 25. Rxh7 1-0

[Event "Fowlerville (Jun)"]
[Site "?"]
[Date "1994.??.??"]
[Round "?"]
[White "Wright, Ken"]
[Black "Rasor, J."]
[Result "0-1"]
[WhiteElo "1605"]
[BlackElo "1605"]
[PlyCount "104"]
[EventDate "1994.??.??"]

1. e4 c6 2. f4 d5 3. e5 Bf5 4. Nf3 e6 5. d4 Nd7 6. a3 c5 7. c3 c4 8. Be3 b5 9.
Bf2 Be7 10. h3 Nb6 11. g4 Be4 12. g5 Na4 13. Ra2 Qa5 14. Qd2 Bxf3 15. Rh2 f6
16. exf6 gxf6 17. Bg2 Be4 18. Bxe4 dxe4 19. gxf6 Nxf6 20. Qe3 Qc7 21. Nd2 Bd6
22. Bg3 O-O 23. Rg2 Kh8 24. Kd1 Nb6 25. Kc2 Nbd5 26. Qg1 Nxf4 27. Bxf4 Bxf4 28.
Nf1 Rg8 29. Ra1 Rxg2+ 30. Qxg2 Rg8 31. Qf2 Nd5 32. Re1 Bg3 33. Nxg3 Qxg3 34.
Qxg3 Rxg3 35. Rxe4 Re3 36. Rh4 Kg7 37. Kd2 Kg6 38. Rg4+ Kf5 39. Rg7 Rd3+ 40.
Kc1 Rxh3 41. Rxa7 Ke4 42. Rb7 Kd3 43. Kb1 Rh5 44. Ka2 Rh2 45. Ka1 h5 46. Rxb5
h4 47. a4 h3 48. a5 Rh1+ 49. Ka2 h2 50. Rb8 Rg1 51. Rh8 h1=Q 52. Rxh1 Rxh1 0-1

[Event "Detroit (MCO/C/4/8)"]
[Site "?"]
[Date "1994.??.??"]
[Round "?"]
[White "Wright, Ken"]
[Black "Lauer, R."]
[Result "0-1"]
[WhiteElo "1605"]
[BlackElo "1605"]
[PlyCount "44"]
[EventDate "1994.??.??"]

{4/(8)} 1. Nf3 e6 2. e4 g6 3. d4 Bg7 4. c3 Ne7 5. Bg5 O-O 6. h4 d6 7. h5 f6 8.
Be3 g5 9. Qd2 h6 10. Na3 b6 11. Nh2 Bb7 12. Bd3 Nd7 13. f4 c5 14. Ng4 d5 15. e5
f5 16. Nxh6+ Bxh6 17. fxg5 Bg7 18. Nb5 Ba6 19. h6 Bxb5 20. hxg7 Kxg7 21. Bxb5
Ng6 22. dxc5 bxc5 {[Remainder illegible; 0-1, 47?]} 0-1

[Event "Fowlerville (Jun)"]
[Site "?"]
[Date "1994.??.??"]
[Round "?"]
[White "Wright, Ken"]
[Black "Charette, B."]
[Result "1-0"]
[WhiteElo "1605"]
[BlackElo "1605"]
[PlyCount "41"]
[EventDate "1994.??.??"]

1. e4 Nc6 2. f4 e6 3. Nf3 d5 4. e5 f6 5. d4 fxe5 6. fxe5 Nge7 7. Bg5 h6 8. Bh4
g5 9. Bg3 Nf5 10. Bf2 Nh4 11. c3 Nxf3+ 12. Qxf3 h5 13. Bd3 g4 14. Bg6+ Kd7 15.
Qe2 Be7 16. c4 Bh4 17. cxd5 Bxf2+ 18. Qxf2 exd5 19. O-O Rg8 20. Qf5+ Ke7 21.
Qf7# 1-0

[Event "Eastpointe (EDO/2/19)"]
[Site "?"]
[Date "1994.??.??"]
[Round "?"]
[White "Wozniak, J."]
[Black "Thurman, John"]
[Result "0-1"]
[WhiteElo "1605"]
[BlackElo "1785"]
[PlyCount "36"]
[EventDate "1994.??.??"]

{2/(19)} 1. e4 Nf6 2. e5 Nd5 3. d4 g6 4. Nf3 Bg7 5. Bc4 Nb6 6. Bb3 d6 7. O-O
O-O 8. Re1 Bg4 9. Qd3 Nc6 10. c3 dxe5 11. Nxe5 Bxe5 12. Rxe5 Nxe5 13. Qe4 Bf5
14. Qxe5 Qd6 15. Qe2 Nd7 16. Nd2 e5 17. dxe5 Nxe5 18. Nf1 Nd3 0-1

[Event "Eastpointe (EDO/5/19)"]
[Site "?"]
[Date "1994.??.??"]
[Round "?"]
[White "Wozniak, J."]
[Black "Collins, Charles"]
[Result "1-0"]
[WhiteElo "1605"]
[BlackElo "1720"]
[PlyCount "87"]
[EventDate "1994.??.??"]

{5/(19)} 1. e4 Nf6 2. e5 Nd5 3. d4 d6 4. Bc4 e6 5. Nf3 Be7 6. O-O Nc6 7. c3 O-O
8. Nbd2 f5 9. Nb3 Kh8 10. Re1 dxe5 11. Nxe5 Nxe5 12. dxe5 c5 13. Be3 b6 14. Qf3
Bb7 15. Rad1 Qc7 16. Bc1 Rad8 17. Qe2 f4 18. Qg4 Rf5 19. Bxd5 Bxd5 20. Bxf4
Rdf8 21. Bg3 Rg5 22. Qe2 h5 23. f3 Rff5 24. Nd2 h4 25. Bxh4 Rxg2+ 26. Qxg2 Bxh4
27. Ne4 Bxe1 28. Qh3+ Kg8 29. Rxe1 Qxe5 30. Kf2 Rh5 31. Nf6+ Qxf6 32. Qxh5 Qf4
33. Re2 Bxa2 34. Re4 Qd2+ 35. Kg3 Qd6+ 36. Kh3 Qe7 37. Rh4 Kf8 38. Qh8+ Kf7 39.
Qh5+ Kg8 40. Qh7+ Kf7 41. Rf4+ Ke8 42. Qg6+ Kd8 43. Rf7 Qd6 44. Qxg7 1-0

[Event "Grand Rapids (MI Am/3/13)"]
[Site "?"]
[Date "1994.??.??"]
[Round "?"]
[White "Worley, Ron"]
[Black "Taylor, E."]
[Result "0-1"]
[WhiteElo "1605"]
[BlackElo "1920"]
[PlyCount "52"]
[EventDate "1994.??.??"]

{3/(13)} 1. e4 c5 2. Nf3 d6 3. d4 cxd4 4. Nxd4 Nf6 5. Nc3 e5 6. Nb3 Be7 7. Bb5+
Nc6 8. Bg5 O-O 9. Qd2 a6 10. Bc4 b5 11. Bd5 Nxd5 12. Qxd5 Bxg5 13. Qxc6 Be6 14.
Rd1 Be7 15. Nd5 Bxd5 16. Qxd5 Kh8 17. O-O f5 18. f3 Qb6+ 19. Kh1 Rac8 20. c3
fxe4 21. fxe4 Rf2 22. Nd2 Rcf8 23. Nf3 Rxb2 24. Qe6 Qd8 25. Rd2 Rxf3 26. Rg1
Qf8 0-1

[Event "Grand Rapids (MI Am/1/2)"]
[Site "?"]
[Date "1994.??.??"]
[Round "?"]
[White "Worley, Ron"]
[Black "Smith, Mike A"]
[Result "0-1"]
[WhiteElo "1605"]
[BlackElo "1955"]
[PlyCount "52"]
[EventDate "1994.??.??"]

{1/(2)} 1. e4 c6 2. d4 d5 3. e5 Bf5 4. c4 dxc4 5. Bxc4 e6 6. Nf3 Bb4+ 7. Nc3
Nd7 8. O-O Ne7 9. Ng5 Nb6 10. Bb3 h6 11. Nge4 Nbd5 12. Re1 Bxe4 13. Rxe4 Bxc3
14. Qg4 Ba5 15. Qxg7 Rg8 16. Qxh6 Rg6 17. Qh8+ Kd7 18. Qh7 Qg8 19. Qh3 Qg7 20.
Rh4 Nf5 21. Rh7 Rxg2+ 22. Kf1 Rg1+ 23. Ke2 Nxd4+ 24. Kd3 Qg6+ 25. Kxd4 Bb6+ 26.
Kc4 Qe4# 0-1

[Event "Flint (MI Ch Spon/3)"]
[Site "?"]
[Date "1994.??.??"]
[Round "?"]
[White "Worley, Ron"]
[Black "Seibert, T."]
[Result "0-1"]
[WhiteElo "1605"]
[BlackElo "1605"]
[PlyCount "46"]
[EventDate "1994.??.??"]

1. e4 e5 2. f4 Bc5 3. Nf3 d6 4. c3 Bg4 5. Bc4 Bxf3 6. Qxf3 Nc6 7. fxe5 Nxe5 8.
Qf1 Qh4+ 9. g3 Qxe4+ 10. Kd1 Nxc4 11. d3 Ne3+ 12. Bxe3 Qxe3 13. Qg2 Qxd3+ 14.
Nd2 O-O-O 15. Re1 Nf6 16. b4 Qxc3 17. Rc1 Qxb4 18. Rb1 Qa4+ 19. Rb3 Qxa2 20.
Re7 c6 21. Rbxb7 Qa4+ 22. Ke2 Nd7 23. Qh3 Qa6+ 0-1

[Event "Detroit (MOR/1b/2)"]
[Site "?"]
[Date "1994.??.??"]
[Round "?"]
[White "Worley, Ron"]
[Black "Sattler, Peter"]
[Result "0-1"]
[WhiteElo "1605"]
[BlackElo "1785"]
[PlyCount "68"]
[EventDate "1994.??.??"]

1. e4 c5 2. f4 e6 3. Nf3 d6 4. c3 Nf6 5. d3 Nc6 6. Be2 Be7 7. O-O O-O 8. Be3 b6
9. Nbd2 Ng4 10. Bf2 Nxf2 11. Rxf2 Bb7 12. a4 Qc7 13. Nc4 f5 14. e5 dxe5 15.
fxe5 Rad8 16. Qd2 Ba6 17. Qf4 Bxc4 18. Qxc4 Qd7 19. Rd1 Na5 20. Qa2 Qc6 21. d4
c4 22. Nd2 Rc8 23. b4 cxb3 24. Nxb3 Nc4 25. Nd2 Nxd2 26. Rxd2 Bg5 27. Rc2 Be3
28. Ba6 Rc7 29. Bb5 Qd5 30. c4 Qxd4 31. c5 Qxe5 32. Rce2 Bxf2+ 33. Kxf2 Qxc5+
34. Re3 f4 0-1

[Event "Detroit (MOR/3/27)"]
[Site "?"]
[Date "1994.??.??"]
[Round "?"]
[White "Worley, Ron"]
[Black "Munger, Larry"]
[Result "0-1"]
[WhiteElo "1605"]
[BlackElo "1725"]
[PlyCount "56"]
[EventDate "1994.??.??"]

{3/(27)} 1. e4 d6 2. d4 Nf6 3. Nc3 g6 4. Bg5 Bg7 5. f4 O-O 6. Bc4 Nxe4 7. Bxf7+
Rxf7 8. Nxe4 Bf5 9. Ng3 Qd7 10. Qf3 Nc6 11. c3 Re8 12. Nxf5 Qxf5 13. Ne2 e5 14.
O-O-O e4 15. Qe3 d5 16. Rdf1 Qd7 17. Rf2 a5 18. b3 a4 19. c4 a3 20. Rd1 Nb4 21.
Kb1 c6 22. h3 b6 23. g4 Ref8 24. Ng3 b5 25. f5 bxc4 26. bxc4 Qb7 27. Ka1 Nd3
28. Rff1 Qb2# 0-1

[Event "Flint (MI Ch Spon/1)"]
[Site "?"]
[Date "1994.??.??"]
[Round "?"]
[White "Worley, Ron"]
[Black "Gegaj, T."]
[Result "1-0"]
[WhiteElo "1605"]
[BlackElo "1605"]
[PlyCount "45"]
[EventDate "1994.??.??"]

1. e4 e5 2. f4 Nc6 3. Nf3 Nf6 4. d3 Bb4+ 5. Nc3 O-O 6. fxe5 Ng4 7. d4 Ne3 8.
Bxe3 Re8 9. Bc4 Re7 10. O-O Re8 11. Ng5 h6 12. Nxf7 Qh4 13. Nd6+ Kh7 14. Nxe8
d6 15. e6 Ne7 16. Rf7 Ng6 17. Rxg7+ Kh8 18. Rxg6 b6 19. Rxh6+ Qxh6 20. Bxh6 Bb7
21. Qh5 Bc8 22. Qg6 Rb8 23. Qg7# 1-0

[Event "Detroit (MOR/6/47)"]
[Site "?"]
[Date "1994.??.??"]
[Round "?"]
[White "Worley, Ron"]
[Black "Ballard, C."]
[Result "1-0"]
[WhiteElo "1605"]
[BlackElo "1605"]
[PlyCount "53"]
[EventDate "1994.??.??"]

{6/(47)} 1. e4 e5 2. f4 Nc6 3. Nf3 Bc5 4. Bc4 d6 5. c3 Na5 6. Qa4+ Nc6 7. d4 a6
8. dxc5 dxc5 9. O-O Bg4 10. Qb3 Qf6 11. fxe5 Na5 12. exf6 Nxb3 13. fxg7 Nxa1
14. gxh8=Q O-O-O 15. Qxh7 Be6 16. Bxe6+ fxe6 17. Bf4 Ne7 18. Qxe7 Rd7 19. Qe8+
Rd8 20. Qxe6+ Kb8 21. Qe7 Rc8 22. Nd4 cxd4 23. Bxc7+ Rxc7 24. Rf8+ Ka7 25. Qxc7
Nb3 26. axb3 a5 27. Rb8 1-0

[Event "Detroit (Class C/1/9)"]
[Site "?"]
[Date "1994.??.??"]
[Round "?"]
[White "Woolery, Bob"]
[Black "Vaughn, Gerald"]
[Result "1-0"]
[WhiteElo "1605"]
[BlackElo "1605"]
[PlyCount "133"]
[EventDate "1994.??.??"]

{1/(9)} 1. g3 d5 2. Bg2 Nf6 3. Nf3 e6 4. d3 c6 5. Bg5 Qa5+ 6. c3 d4 7. Bxf6
gxf6 8. Nxd4 e5 9. Nb3 Qb6 10. N1d2 Be6 11. e4 h5 12. h4 f5 13. exf5 Bxf5 14.
Nc4 Qc7 15. O-O Nd7 16. Re1 O-O-O 17. Qf3 Be6 18. Ne3 f6 19. c4 Rh6 20. Nf5
Bxf5 21. Qxf5 Bb4 22. Re2 Kb8 23. a3 Nc5 24. Nxc5 Bxc5 25. b4 Bd4 26. Rb1 Rg8
27. Kf1 Qd8 28. Bf3 Qc8 29. Qxc8+ Rxc8 30. b5 c5 31. a4 Rd8 32. a5 Bc3 33. a6
b6 34. Bd5 Rg6 35. Re3 Rg4 36. Rf3 Rf8 37. Rf5 Rh8 38. Rc1 Bd4 39. Re1 Rh6 40.
Re4 Rxe4 41. dxe4 Kc7 42. Bf7 Kd6 43. Rxh5 Rxh5 44. Bxh5 Bb2 45. Bf7 Ke7 46.
Bd5 Bc1 47. Ke2 Kf8 48. Kf3 Kg7 49. Kg4 Kg6 50. f4 exf4 51. gxf4 Be3 52. e5
fxe5 53. fxe5 Bh6 54. h5+ Kg7 55. Kf5 Kf8 56. Kg6 Bf4 57. e6 Ke7 58. h6 Be5 59.
Kf5 Bf6 60. Kg6 Bh8 61. Kh7 Bf6 62. Kg8 Be5 63. h7 Kd6 64. h8=Q Bxh8 65. Kxh8
Ke7 66. Kg7 Kd6 67. Kf7 1-0

[Event "Detroit (Class C/3/7)"]
[Site "?"]
[Date "1994.??.??"]
[Round "?"]
[White "Woolery, Bob"]
[Black "Bezrutch, B."]
[Result "1/2-1/2"]
[WhiteElo "1605"]
[BlackElo "1605"]
[PlyCount "143"]
[EventDate "1994.??.??"]

{3/(7)} 1. g3 d5 2. Bg2 e5 3. d3 Nf6 4. Bg5 Be7 5. Nf3 Nc6 6. Nbd2 O-O 7. O-O
Re8 8. c3 b6 9. Qc2 Bb7 10. Rfe1 Rb8 11. Bxf6 Bxf6 12. e4 d4 13. a3 Qd7 14. Nb3
Rbd8 15. cxd4 Nxd4 16. Nbxd4 exd4 17. Rac1 c5 18. Nd2 Be5 19. Nc4 Bb8 20. f4
Qg4 21. Qf2 Ba6 22. b3 Re7 23. a4 Rde8 24. Qf3 Qg6 25. Re2 Bc8 26. f5 Qg5 27.
Rce1 Qf6 28. g4 Qh4 29. Qh3 Qg5 30. Qh5 Qxh5 31. gxh5 Bxf5 32. Rf2 Bd7 33. Ref1
f6 34. h6 Rf8 35. hxg7 Kxg7 36. Bf3 Kh8 37. Bh5 Rg7+ 38. Kh1 f5 39. e5 Rg5 40.
Bf3 Re8 41. Re2 Be6 42. Nd6 Rf8 43. Nc4 Re8 44. Bc6 Rf8 45. Nd2 Kg7 46. Nf3 Rg4
47. Rg1 Rxg1+ 48. Kxg1 Kh8 49. Nd2 Rg8+ 50. Kf2 Rg5 51. Nf3 Rg7 52. Nd2 h6 53.
Nc4 Kh7 54. Re1 h5 55. Bf3 Kh6 56. h4 Re7 57. Rg1 Bxc4 58. bxc4 Rxe5 59. Rg5 f4
60. Rg8 Bd6 61. Be4 Re6 62. Rh8+ Kg7 63. Rxh5 Rh6 64. Rg5+ Kf7 65. h5 Be7 66.
Bg6+ Ke6 67. Rf5 Bd6 68. Kf3 Rh8 69. Ke4 Rf8 70. Rxf8 Bxf8 71. Kxf4 Bh6+ 72.
Ke4 1/2-1/2

[Event "Detroit (Class C/5/12)"]
[Site "?"]
[Date "1994.??.??"]
[Round "?"]
[White "Woolery, Bob"]
[Black "Belill, Mike"]
[Result "1-0"]
[WhiteElo "1605"]
[BlackElo "1605"]
[PlyCount "97"]
[EventDate "1994.??.??"]

{5/(12)} 1. g3 d5 2. Bg2 e5 3. d3 Nf6 4. Bg5 c6 5. Nf3 Nbd7 6. Nbd2 Qc7 7. c3
Be7 8. Qc2 h6 9. Bxf6 Nxf6 10. e4 Be6 11. d4 O-O 12. Nxe5 Ng4 13. Nxg4 Bxg4 14.
exd5 cxd5 15. O-O Qd7 16. Rfe1 Bf6 17. Nf3 Bh3 18. Bh1 Bf5 19. Qb3 Be4 20. Bg2
Qf5 21. Nd2 Bxg2 22. Kxg2 h5 23. Nf1 h4 24. Ne3 h3+ 25. Kg1 Qc8 26. Qxd5 Rd8
27. Qf5 Qc7 28. Qxh3 g6 29. Ng4 Bg5 30. Ne5 Kg7 31. Qg4 Bf6 32. Qf3 Rh8 33. Ng4
Bg5 34. Re2 Rh3 35. Rae1 Rah8 36. Qd5 f5 37. Qe5+ Qxe5 38. Nxe5 Rxh2 39. Nf3
Rh1+ 40. Kg2 R1h5 41. Nxg5 Rxg5 42. Re7+ Kh6 43. Rh1+ Rh5 44. Rxh5+ gxh5 45.
Rxb7 Rg8 46. Kf3 Rg5 47. d5 f4 48. d6 h4 49. gxh4 1-0